| 000 | 00539nam a2200169Ia 4500 | ||
|---|---|---|---|
| 008 | 090201s9999 xx 000 0 und d | ||
| 010 | _aKPL-8880 | ||
| 040 | _bमराठी | ||
| 041 | _aमराठी | ||
| 082 |
_a39405 _b8880 |
||
| 100 | _aन. चि. केळकर | ||
| 245 |
_aतोतयाचे बंड _cन. चि. केळकर |
||
| 260 |
_c2004 _bमॉडर्न बुक डेपो प्रकाशन |
||
| 300 |
_a120 _bमोठा |
||
| 600 | _aतोतयाचे बंड | ||
| 942 | _cBOOK | ||
| 999 |
_c236748 _d236748 |
||